Définis 20 biais cognitifs - Statistiques

Statistiques générales
  • Ce quiz a été pris 38 fois
  • Le résultat moyen est 8 sur 20
Statistiques - réponses
Hint Réponse % Correct
Biais de rétrospective Croire après coup qu’un événement était prévisible.
81%
Biais de négativité Les événements négatifs ont plus d’impact que les positifs.
73%
Illusion de contrôle Croire qu’on contrôle des choses qui sont en fait aléatoires.
65%
Biais de groupe Se conformer à l’opinion ou au comportement du groupe.
65%
Biais d’optimisme Penser que les choses nous arriveront plus favorablement qu’aux autres.
62%
Biais de récence Se souvenir plus facilement des informations récentes.
58%
Biais de confirmation Tendance à chercher et croire les infos qui confirment nos idées préexistantes.
54%
Biais d’attribution Attribuer les erreurs des autres à leur caractère, les nôtres aux circonstances.
50%
Effet de faux consensus Croire que les autres partagent plus nos opinions qu’en réalité.
42%
Biais d’ancrage Influencé par la première info reçue, même si elle est arbitraire.
31%
Effet Dunning-Kruger Les moins compétents surestiment leurs capacités.
31%
Biais d’auto-complaisance Se créditer pour ses succès, blâmer les autres pour ses échecs.
27%
Effet de halo Une qualité perçue (ex. beauté) influence la perception globale d'une personne.
27%
Biais de statu quo Préférence pour que les choses restent comme elles sont.
23%
Biais de cadrage Une même info mène à des jugements différents selon sa présentation.
19%
Biais de représentativité Juger sur des stéréotypes plutôt que des probabilités réelles.
15%
Biais de normalité Penser que les choses continueront toujours comme avant.
15%
Biais de disponibilité Juger la probabilité d’un événement selon la facilité à s’en souvenir.
12%
Biais d’omission Juger une action nuisible comme pire qu’une inaction tout aussi nuisible.
12%
Effet de simple exposition Préférer ce qu’on a déjà vu ou entendu souvent.
12%
Aucun quiz correspondant
Distribution des résultats
% des personnes avec chaque résultat
Percentile par nombre de réponses
Votre historique - résultats
Vous n’avez pas pris ce quiz